书目信息 |
| 题名: |
断手
|
|
| 作者: | ;北京大陆桥文化发展公司 编译 | |
| 分册: | ||
| 出版信息: | 北京 中国城市出版社 2004.6 |
|
| 页数: | 312页 | |
| 开本: | 21cm | |
| 丛书名: | 科学神探 | |
| 单 册: | ||
| 中图分类: | D911.05 | |
| 科图分类: | ||
| 主题词: | 案例--分析--世界 | |
| 电子资源: | ||
| ISBN: | 7-5074-1611-9 | |
| 000 | 00842nam2 2200265 45 | |
| 001 | 012004000000 | |
| 005 | 20041105152527.58 | |
| 010 | @a7-5074-1611-9@dCNY 22.00 | |
| 100 | @a20040915d2004 em y0chiy0121 ea | |
| 101 | 0 | @achi |
| 102 | @aCN@b110000 | |
| 105 | @aa z 000yy | |
| 200 | 1 | @a断手@Aduan shou@dA broken hand@f北京大陆桥文化发展公司编译@zeng |
| 210 | @a北京@c中国城市出版社@d2004.6 | |
| 215 | @a312页@c图@d21cm | |
| 225 | 2 | @a科学神探@dMedical detectives@zeng |
| 300 | @a全国百家电视台热播的纪实性系列节目 | |
| 410 | 0 | @12001 @a科学神探 |
| 510 | 1 | @aA broken hand@zeng |
| 510 | 1 | @aMedical detectives@zeng |
| 606 | 0 | @a案例@x分析@y世界 |
| 690 | @aD911.05@v4 | |
| 711 | 02 | @a北京大陆桥文化发展公司@Abei jing da lu qiao wen hua fa zhan gong si@4编译 |
| 801 | 0 | @aCN@bQSSKxf@c20041105 |
| 905 | @a10447@dD911.05@eB3702 | |
| 断手=A broken hand/北京大陆桥文化发展公司编译.-北京:中国城市出版社,2004.6 |
| 312页:图;21cm.-(科学神探=Medical detectives) |
| 全国百家电视台热播的纪实性系列节目 |
| ISBN 7-5074-1611-9:CNY 22.00 |
| ● |
| 相关链接 |
|
|
|
正题名:断手
索取号:D911.05/B3702
 
预约/预借
| 序号 | 登录号 | 条形码 | 馆藏地/架位号 | 状态 | 备注 |
| 1 | 425676 | 204256768 | 社科库509/422社科库 41排3列4层/ [索取号:D911.05/B3702] | 在馆 | |
| 2 | 425677 | 204256777 | 社科库509/509社科库 80排8列5层/ [索取号:D911.05/B3702] | 在馆 |